000 02350cam a2200325 a 4500
003 EG-GiCUC
005 20250223031722.0
008 170509s2017 ua f m 000 0 ara d
040 _aEG-GiCUC
_bara
_cEG-GiCUC
041 0 _aara
049 _aايداع
097 _aماجستير
099 _aCai01.05.02.M.Sc.2017.عم.ق
100 0 _aعمر خالد محمد عبدالمنعم زكى لبيب
245 1 0 _aقياس العلاقة بين تكامل أسلوب المراجعة الداخلية ومصدرها وقرار اعتماد المراجع الخارجي عليها :
_bدراسة تجريبية /
_cعمر خالد محمد عبد المنـعم زكي لبيــب ؛ اشراف ثناء عطية فَّراج
246 1 5 _aMeasure the relationship between the integration of internal audit's approach and source and external auditor's reliance decision :
_bExperimental Study
260 _aالقاهرة :
_bعـمر خالد محمد عبدالمنعم زكي لبيب :
_c2017
300 _a236 ورقة ؛
_c30سم
502 _aاطروحة (ماجستير) - جامعة القاهرة - كلية التجارة - قسم المحاسبة
520 _aاستهدفت الدراسة قياس العلاقة بين تكامل اسلوب المراجعة الداخلية ومصدرها وقرار اعتماد المراجع الخارجى على عملها وسعيا نحو تحقيق اهداف الدراسة واختبار مدى صحة فروضها ولقد سعى الباحث من خلال التجربة الاولى الى اختبار اثر اسلوب المراجعة الداخلية على محددات قرار اعتماد المراجع الخارجى على عملها بينما سعى من خلال التجربة الثانية الى اختبار اثر مصدر المراجعة الداخلية على محددات قرار اعتمادالمراجع الخارجى على عملها
530 _aصدر ايضا كقرص مدمج
653 4 _aأسلوب المراجعة
653 4 _aسياسة الأداء المشترك
653 4 _aمصدر المراجعة الداخلية
700 0 _aثناء عطية فَّراج :
_eمشرف
856 _uhttp://172.23.153.220/th.pdf
905 _aNazla
_eRevisor
905 _aSoheir
_eCataloger
942 _2ddc
_cTH
999 _c60846
_d60846